000 00763nam a2200217Ia 4500
001 8473
003 GE_BSU
008 181216s||||||||xx |||||||||||||| ||und||
040 _cGE_BSU
080 _a821.353.1+821.353.1-11+39(=353.1)
100 _aვაჟა-ფშაველა
245 _aთხზულებანი.
245 _cშემდგ.: მ. ლებანიძე; წინასიტყ. ავტ. მ. წიკლაური; მხატვ.: ლ. გრიგოლია.
260 _aთბილისი.
260 _bსაბჭ. საქართველო.
260 _c1986
300 _a781 გვ; 21 სმ.
300 _b1 ფ. პორტ.
653 _aთხზულებანი.
942 _cBK
999 _c41791
_d41791